MLB Teams - Statistics

General Stats
  • This quiz has been taken 8 times
  • The average score is 29 of 30
Answer Stats
Answer % Correct
Arizona Diamondbacks
100%
Atlanta Braves
100%
Boston Red Sox
100%
Chicago Cubs
100%
Chicago White Sox
100%
Cincinnati Reds
100%
Colorado Rockies
100%
Detroit Tigers
100%
Houston Astros
100%
Los Angeles Angels
100%
Los Angeles Dodgers
100%
Miami Marlins
100%
Milwaukee Brewers
100%
New York Mets
100%
New York Yankees
100%
Philadelphia Phillies
100%
Pittsburgh Pirates
100%
San Diego Padres
100%
San Francisco Giants
100%
Seattle Mariners
100%
St. Louis Cardinals
100%
Texas Rangers
100%
Washington Nationals
100%
Athletics
86%
Baltimore Orioles
86%
Cleveland Guardians
86%
Toronto Blue Jays
86%
Kansas City Royals
71%
Minnesota Twins
71%
Tampa Bay Rays
71%
No matching quizzes found
Score Distribution
Percent of People with Each Score
Percentile by Number Answered
Your Score History
You have not taken this quiz